000 01498nam a22002177a 4500
999 _c60297
_d60297
003 Ge_BSU
005 20230627105203.0
008 230627s1980 ge ||||| |||| 00| 0 geo d
041 _ageo
080 _a81'374.26:902=161.1=353.1 რ-88
245 _aრუსულ-ქართული არქეოლოგიური ლექსიკონი :
_b(მასალები) = Русско-грузинский археологический словарь : (материалы) /
_c ა. აფაქიძის რედაქციით; შემდგენლები: ა. აფაქიძე, მ. ინასარიძე, ა. სიხარულიძე [და სხვ.]; მხატვარი ლ. ფავლენიშვილი.
264 _aთბილისი :
_bთბილ. უნ-ტის გამ-ბა,
_c1980.
300 _a888 გვ. :
_b ილ. ;
_c23 სმ.
653 _aრუსულ-ქართული არქეოლოგიური ლექსიკონი
700 _aაფაქიძე, ა.
_eრედაქტორი
_918984
700 _aაფაქიძე, ა.
_eშემდგენელი
_918985
700 _aინასარიძე, ა
_eშემდგენელი
_918986
700 _aსიხარულიძე, ა.
_eშემდგენელი.
_918987
700 _aფავლენიშვილი, ლ.
_eმხატვარი
_918988
942 _2udc
_cBK